|
|
|
|
| LEADER |
00000nam0a2200000 4500 |
| 001 |
65980 |
| 005 |
20231031071048.0 |
| 035 |
|
|
|a (RuTPU)RU\TPU\book\70040
|
| 090 |
|
|
|a 65980
|
| 100 |
|
|
|a 20040709d1963 m y0rusy50 ca
|
| 101 |
0 |
|
|a rus
|
| 102 |
|
|
|a RU
|
| 105 |
|
|
|a a j 001zy
|
| 200 |
1 |
|
|a Электрические машины для летательных аппаратов
|e учебник
|f Р. А. Коссович
|
| 210 |
|
|
|a Ленинград
|c Ленинградская военная инженерная Краснознаменная академия им. А. Ф. Можайского
|d 1963
|
| 215 |
|
|
|a 282 с.
|c ил.
|
| 320 |
|
|
|a Библиогр.: с. 277-278.
|
| 330 |
|
|
|a В учебнике основное внимание уделено изложению основных вопросов теории, устройства и эксплуатационных свойств бортовых электрических машин постоянного и переменного, применяемых на летательных аппаратах. Наряду с этим даны необходимые сведения об особенностях конструктивного исполнения и рабочих характеристиках обычных промышленных электрических машин, которые также применяются в авиации и в ракетной технике в различных наземных установках.
|
| 610 |
1 |
|
|a учебники
|
| 610 |
1 |
|
|a летательные аппараты
|
| 610 |
1 |
|
|a электрические машины
|
| 610 |
1 |
|
|a трансформаторы
|
| 610 |
1 |
|
|a асинхронные двигатели
|
| 610 |
1 |
|
|a генераторы синхронные
|
| 610 |
1 |
|
|a синхронные генераторы
|
| 675 |
|
|
|a 621.313(075.8)
|v 3
|
| 675 |
|
|
|a 629.135.9(075.8)
|v 3
|
| 700 |
|
1 |
|a Коссович
|b Р. А.
|
| 801 |
|
1 |
|a RU
|b 63413507
|c 20040709
|g PSBO
|
| 801 |
|
2 |
|a RU
|b 63413507
|c 20201125
|g PSBO
|
| 942 |
|
|
|c BK
|